| 000 | 00707nam a2200229Ia 4500 | ||
|---|---|---|---|
| 003 | GCL | ||
| 008 | 140319s9999 xx 000 0 ara d | ||
| 040 |
_aGCL / _cGCL |
||
| 082 | 0 | 4 |
_a327.12 _bو ا |
| 100 | 1 | _aعفيف الرزاز (مترجم) | |
| 245 | 1 | 0 |
_aالارهاب واخذ الرهائن فى الشرق الاوسط / _cعفيف الرزاز (مترجم) |
| 700 | 1 | _aوليد امين رويحة | |
| 260 |
_a[S.N] : _bمؤسسة الابحاث العربية ، _c1990 |
||
| 300 | _a574 | ||
| 490 | _a | ||
| 650 | 0 | 4 | _aالارهاب |
| 650 | 0 | 4 | _aالشرق الاوسط |
| 650 | 0 | 4 | _aالدبلوماسية |
| 650 | 0 | 4 | _aسياسة |
| 650 | 0 | 4 | _aالرهائن |
| 942 |
_2ddc _cBK |
||
| 999 |
_c31591 _d31591 |
||